Polymerase Chain Reaction :(PCR ) (Record no. 6024)
[ view plain ]
| 000 -LEADER | |
|---|---|
| fixed length control field | 00652nam a22002057a 4500 |
| 003 - CONTROL NUMBER IDENTIFIER | |
| control field | OSt |
| 005 - DATE AND TIME OF LATEST TRANSACTION | |
| control field | 20180301145149.0 |
| 008 - FIXED-LENGTH DATA ELEMENTS--GENERAL INFORMATION | |
| fixed length control field | 180301b xxu||||| |||| 00| 0 eng d |
| 020 ## - INTERNATIONAL STANDARD BOOK NUMBER | |
| International Standard Book Number | 0415355478 |
| 040 ## - CATALOGING SOURCE | |
| Transcribing agency | DDC |
| 082 ## - DEWEY DECIMAL CLASSIFICATION NUMBER | |
| Classification number | 572.86 McP 2006; |
| 100 ## - MAIN ENTRY--PERSONAL NAME | |
| Personal name | McPherson ,Micheal.J, MollerGeir,Simon; |
| 9 (RLIN) | 12504 |
| 245 ## - TITLE STATEMENT | |
| Title | Polymerase Chain Reaction :(PCR ) |
| Remainder of title | The basics: |
| 250 ## - EDITION STATEMENT | |
| Edition statement | 2nd ed. |
| 260 ## - PUBLICATION, DISTRIBUTION, ETC. (IMPRINT) | |
| Place of publication, distribution, etc. | UK ,Tailor & Francis: 2006 |
| 300 ## - PHYSICAL DESCRIPTION | |
| Extent | x,292p; |
| Other physical details | ill: |
| Dimensions | 25cm. |
| 504 ## - BIBLIOGRAPHY, ETC. NOTE | |
| Bibliography, etc | includes index. |
| 650 ## - SUBJECT ADDED ENTRY--TOPICAL TERM | |
| Topical term or geographic name as entry element | Biology |
| 9 (RLIN) | 5602 |
| 942 ## - ADDED ENTRY ELEMENTS (KOHA) | |
| Source of classification or shelving scheme | Dewey Decimal Classification |
| Koha item type | Open Shelf |
| Withdrawn status | Lost status | Source of classification or shelving scheme | Damaged status | Not for loan | Home library | Current library | Date acquired | Source of acquisition | Inventory number | Total Checkouts | Full call number | Barcode | Date last seen | Price effective from | Koha item type |
|---|---|---|---|---|---|---|---|---|---|---|---|---|---|---|---|
| Dewey Decimal Classification | MUST Main Library | MUST Main Library | 01/03/2018 | 08/30836 | 572.86 McP 2006; | 2018-0128 | 01/03/2018 | 01/03/2018 | Open Shelf | ||||||
| Dewey Decimal Classification | MUST Main Library | MUST Main Library | 01/03/2018 | 08/30835 | 572.86 McP 2006; | 2018-0129 | 01/03/2018 | Open Shelf |
